The elements of the theory of real functions.
Guardado en:
| Autor Principal: | |
|---|---|
| Formato: | Libro |
| Idioma: | English |
| Publicado: |
New York :
Dover Publications,
[c1954]
|
| Edición: | 3rd ed., completely rev. |
| Materias: | |
| Etiquetas: |
Agregar Etiqueta
Sin Etiquetas, Sea el primero en etiquetar este registro!
|
| LEADER | 00634cam a22002051a 4500 | ||
|---|---|---|---|
| 001 | MAT.inmabb005569 | ||
| 008 | 721229s1954####nyu###########000#0#eng## | ||
| 005 | 20170822150920.0 | ||
| 245 | 1 | 4 | |a The elements of the theory of real functions. |
| 250 | |a 3rd ed., completely rev. | ||
| 260 | |a New York : |b Dover Publications, |c [c1954] | ||
| 300 | |a 71 p. | ||
| 510 | 4 | |a MR, |c MR0069234 | |
| 100 | 1 | |a Littlewood, John E. |q (John Edensor), |d 1885-1977. | |
| 650 | 0 | |a Set theory. | |
| 650 | 0 | |a Functions of real variables. | |
| 084 | |a 27.2X |2 MR | ||
| 010 | |a 55014847 | ||
| 040 | |a DLC |c ODaWU |d OCoLC |d DLC | ||
| 859 | |h 26 |i L781-3 |p A-2235 |b BIB. MATEMATICA | ||
